000 00374cam a2200145ua 4500
041 _amal
_h
082 _a894.812301
_bKOV/HO
100 _aKovoor, E.M .
245 _ahoney purvam /
_cKovvor E.M.
_hTextual Documents
260 _aKottayam :
_bSahitya Pravarthaka Co-operative Society ,
_c1961.
300 _a168 ; .
504 _a
942 _cBK
999 _c12352
_d12352